| 000 | 00699nam a2200241Ia 4500 | ||
|---|---|---|---|
| 003 | OSt | ||
| 005 | 20220926013030.0 | ||
| 006 | a|||||r|||| 00| 0 | ||
| 007 | ta | ||
| 008 | 220923b |||||||| |||| 00| 0 eng d | ||
| 037 | _cGeneral Book | ||
| 040 |
_aRTL _cRTL _beng |
||
| 041 |
_2eng _aeng |
||
| 082 | _aX61:75.73.N7, L6 | ||
| 100 |
_aThorn Richard S _9317735 |
||
| 245 | 0 | _aIntdroduction to money and banking | |
| 260 |
_aNew York _bHarper & Row USA _c1976 |
||
| 300 |
_ax, 544p _ccm. |
||
| 500 | _aBibliography chapterwise; Appendix chapterwise | ||
| 650 | _aMonetary Policy | ||
| 942 |
_hX61:75.73.N7, L6 _cGB _2CC |
||
| 999 |
_c624999 _d624999 |
||